| 000 | 01685nam1a22002771i 4500 | ||
|---|---|---|---|
| 001 | v19\rc\1792668 | ||
| 005 | 20240726010630.0 | ||
| 035 | _a(NLR Aleph) 004883829 | ||
| 090 |
_a5198427 _c5198427 |
||
| 100 | _a20061204g19051912|||y0rusy50 ca | ||
| 101 | 0 | _arus | |
| 102 | _aRU | ||
| 105 | _ay i ||||| | ||
| 200 | 1 | _aПротокол заседания и отчеты Новгородского губернского статистического комитета... | |
| 210 |
_aНовгород _d1905-1912 |
||
| 215 | _d23 | ||
| 300 | _aЗагл.: за 1904 г.: Протокол общего собрания и отчет о деятельности и суммах Народного губ. статистического комитета и состоящих при нем Новгородских музея древностей и публичной библиотеки; за 1908 г. незнач. изм. | ||
| 517 | 0 | _aОтчеты Новгородского губернского статистического комитета | |
| 517 | 0 | _aПротокол общего собрания и отчет о деятельности и суммах Народного губ. статистического комитета и состоящих при нем Новгородских музея древностей и публичной библиотеки | |
| 710 | 0 | 2 | _aНовгородский губ. статистический комитет |
| 801 | 0 |
_aRU _bNLR _gpsbo |
|
| 801 | 0 |
_aRU _bRuMoRGB _2psbo |
|
| 801 | 1 |
_aRU _bProSoft-M _2rusmarc |
|
| 852 |
_aNLR (1904-1911*) _jШифры разные |
||
| 899 |
_aRuMoRGB (1909-1911) _jP 78/470 |
||
| 942 | _cBOOK | ||